Normal view
MARC view
Entry Personal Name
001 - CONTROL NUMBER
- control field: 83791
003 - CONTROL NUMBER IDENTIFIER
- control field: OSt
005 - DATE AND TIME OF LATEST TRANSACTION
- control field: 20260227164352.0
008 - FIXED-LENGTH DATA ELEMENTS
- fixed length control field: 260227|| aca||aabn | a|a d
040 ## - CATALOGING SOURCE
- Original cataloging agency: OSt
- Transcribing agency: OSt
100 ## - HEADING--PERSONAL NAME
- Personal name: Aggarwal,Justics S.N
670 ## - SOURCE DATA FOUND
- Source citation: Work cat.: (OSt)68762: Aggarwal,Justics S.N. , Sardar Patel The Supreme Architect in Unification of India VoL- 2 , 2020









